书目信息 |
| 题名: |
无机化学实验
|
|
| 作者: | 王传胜 主编 | |
| 分册: | ||
| 出版信息: | 北京 化学工业出版社 2013.09 |
|
| 页数: | 152页 | |
| 开本: | 26cm | |
| 丛书名: | ||
| 单 册: | ||
| 中图分类: | O61-33 | |
| 科图分类: | ||
| 主题词: | 化学实验 , 无机化学 , 无机化学--化学实验--高等学校--教材 | |
| 电子资源: | ||
| ISBN: | 978-7-122-05696-2 | |
| 000 | 00920nam0 2200301 450 | |
| 001 | 0100140767 | |
| 005 | 20141020221618.0 | |
| 010 | @a978-7-122-05696-2@dCNY18.00 | |
| 100 | @a20140917d2013 em y0chiy50 ea | |
| 101 | 0 | @achi |
| 101 | 11 | @achi |
| 102 | @aCN@b110000 | |
| 105 | @aa z 000yy | |
| 106 | @ar | |
| 200 | 1 | @a无机化学实验@Awu ji hua xue shi yan@b专著@f王传胜主编@Fwang zhuan sheng zhu bian |
| 210 | @a北京@c化学工业出版社@d2013.09 | |
| 215 | @a152页@c图@d26cm | |
| 300 | @a高等学校教材 | |
| 330 | @a本书内容包括:基础知识和基本操作、基本理论及常数测定实验、元素化合物的性质、无机化合物的提纯与制备、综合设计实验等。 | |
| 540 | @a无机化学实验 | |
| 606 | 0 | @a化学实验 |
| 606 | 0 | @a无机化学 |
| 606 | 0 | @a无机化学@x化学实验@x高等学校@j教材 |
| 690 | @aO61-33@v5 | |
| 701 | 0 | @a王传胜@Awang zhuan sheng@4主编 |
| 801 | @aCN | |
| 901 | @a001 | |
| 905 | @b1104076-8@dO61-33@eW486@f3@a241430 | |
| 无机化学实验/王传胜主编.-北京:化学工业出版社,2013.09 |
| 152页:图;26cm |
| 高等学校教材 |
| ISBN 978-7-122-05696-2:CNY18.00 |
| 本书内容包括:基础知识和基本操作、基本理论及常数测定实验、元素化合物的性质、无机化合物的提纯与制备、综合设计实验等。 |
| ● |
| 相关链接 |
|
|
|
正题名:无机化学实验
索取号:O61-33/W486
 
预约/预借
| 序号 | 登录号 | 条形码 | 馆藏地/架位号 | 状态 | 备注 |
| 1 | 1104076 | 211040764 | 自科库401/401自科库 92排1列1层/ [索取号:O61-33/W486] | 在馆 | |
| 2 | 1104077 | 211040773 | 自科库401/401自科库 92排1列1层/ [索取号:O61-33/W486] | 在馆 | |
| 3 | 1104078 | 211040782 | 自科库401/401自科库 92排1列1层/ [索取号:O61-33/W486] | 在馆 |